Az állami nyugdíjrendszer fenntarthatóságának kérdései

Elmentve itt :
Bibliográfiai részletek
Szerző: Rabi Ilona
További közreműködők: Bangha Ágnes (Témavezető)
Dokumentumtípus: Szakdolgozat
Megjelent: 2017
Tárgyszavak:
Online Access:http://diploma.bibl.u-szeged.hu/85293
LEADER 00731nta a2200193 i 4500
001 dipl85293
005 20200515083959.0
008 200515s2017 hu om 0|| hun d
040 |a SZTE Diploma Repozitórium  |b hun 
041 |a hun 
100 1 |a Rabi Ilona 
245 1 3 |a Az állami nyugdíjrendszer fenntarthatóságának kérdései  |h [elektronikus dokumentum] /  |c Ilona Rabi 
246 1 0 |a Sustainability of the statutory pension scheme  |h [elektronikus dokumentum] 
260 |c 2017 
650 4 |a Jogi és igazgatási tanulmányok 
650 4 |a Social economics 
650 4 |a Social policies, work and welfare 
700 1 |a Bangha Ágnes  |e ths 
856 4 0 |u http://diploma.bibl.u-szeged.hu/id/eprint/85293/1/2017_rabi_ilona.pdf  |z Dokumentum-elérés